000 00443nam a22001697a 4500
003 MPLRDC
005 20220104142852.0
008 210129b ||||| |||| 00| 0 eng d
082 _a177.2 YJXS-2
100 _a鱼津欣司著; 卢镇炷译
245 _a献给图东山再起的企业人士
_c
260 _a
_b现代企管丛书出版社
_c
300 _b
490 _a现代企管丛书;2
650 _a
942 _cBK
_o177.2 YJXS-2
999 _c34384
_d34374